000 00756nam a22002417a 4500
001 32849
003 UA-OsUOA
005 20220705234028.0
007 ta
008 20050214b un ||||| |||| 00| 0 ukr d
040 _aUA-OsUOA
_brus
_cUA-OsUOA
_dUA-OsUOA
041 _arus
044 _aRU
080 _a821.111(73)
090 _a821.111(73)
_bР49
100 _aРид Д.ж.
245 _aВосставшая Мексика. 10 дней, которые потрясли мир. Америка 1918
_cДжон Рид ; вступ. статья А. Анисимов
260 _aМосква
_bХудожественная литература
_c1968
300 _a664 с.
_bІлюстрації
650 7 _2UDC
942 _cBK
_2udc
955 _a0
999 _c319302
_d319302